00258nam a2200097 a 450000500170000000800410001705000220005824500250008026000350010544000200014020140414132113.0110817s19uu xx 00 eng d aREF 503bAT1 1990 aAtoms and molecules. aSingapore :bWorl book,c1990. aYoung Scientist